Le Cinquième élèment - Statistiques

Statistiques générales
  • Ce quiz a été pris 68 fois
  • Le résultat moyen est 10 sur 26
Statistiques - réponses
Hint Réponse % Correct
dans quel pays se déroule cette scène ? egypte
83%
quel est le prénom de M.Dallas ? Korben
79%
quelle marque de fast-food est représentée dans ce film? Mcdo
79%
quelle est la profession de Victo Cornnellius pretre
77%
comment s'appelle le cinquième élèment? Leeloo
75%
dans quelle ville vit M.Dallas ? New York
68%
quel sentiment leeloo ne connait-elle pas ? l'amour
60%
vent... souffle
58%
feu.... brule
55%
combien de temps Zorg et Dallas se voient-ils ? 0
42%
quelle est la premiere phrase du film ? Aziz lumiére
42%
quels sont les 3 prenoms de M.Zorg ? jean baptiste emmanuel
38%
pluie.... tombe
36%
avec quelle espece fait-il un accord ? mangalore
30%
que passe Rey a Korben a la place du flingue ? boules de billard
28%
quel est le nom du présentateur télé ? Ruby Rod
26%
quel est le nom de l'espèce qui vient récupérer les pierres ? mondoshawan
25%
dans quel hôtel les héros partent-ils récupérer les pierre ? floston paradise
19%
quel est le nom de la nouvelle arme de Zorg ? ZF-1
15%
en quelle année se déroule l'histoire principale ? 2214
13%
ou vit la mere de Korben ? sur la lune
9%
quel cap prend l'hotel avant le concert 108
8%
quel est son métier non-officiel? chauffeur taxi
8%
qui est M.Shadow ? Planete
6%
quel est le prénom du traiteur asiatique ? Mr. Kim
4%
quel est le prénom de la diva ? Plavalagunia
0%
Aucun quiz correspondant
Distribution des résultats
% des personnes avec chaque résultat
Percentile par nombre de réponses
Votre historique - résultats
Vous n’avez pas pris ce quiz